Online Catalogue and eLibrary

Karalikara Bhikshuhu (Record no. 2354)

MARC details
000 -LEADER
fixed length control field 00383nam a2200145Ia 4500
005 - DATE AND TIME OF LATEST TRANSACTION
control field 20250612023102.0
008 - FIXED-LENGTH DATA ELEMENTS--GENERAL INFORMATION
fixed length control field 240331s9999 xx 000 0 und d
082 ## - DDC Classification
Item Number - Author Mark JAY
Class No. 322
100 ## - MAIN ENTRY--PERSONAL NAME
Personal name Jayawardane, Kumari
245 #0 - TITLE STATEMENT
Title Karalikara Bhikshuhu
260 ## - PUBLICATION, DISTRIBUTION, ETC.
Place of publication, distribution, etc. colombo
Name of publisher, distributor, etc. Centre for Society & Religion
300 ## - PHYSICAL DESCRIPTION
Extent (e.g. Volumes, Pages etc.) 22 p .,( c 2)
500 ## - GENERAL NOTE
General note A book on Rebellious the monks
942 ## - Koha item type (Biblio)
Koha item type Books in Stacks (Lending)
Holdings
Lost status Damaged status Collection code Home library Current library Shelving location Date acquired Full call number Accession Number Item type
    Lending WERC Library WERC Library Social Science Cupboard 03/31/2024 322.1 JAY 1050 Books in Stacks (Lending)

© WERC Library